Reaction kinetics for chemical engineers (Record no. 12493)

000 -LEADER
fixed length control field 00585nam a22002051 4500
001 - CONTROL NUMBER
control field 12493
003 - CONTROL NUMBER IDENTIFIER
control field BD-DhUET
008 - FIXED-LENGTH DATA ELEMENTS--GENERAL INFORMATION
fixed length control field 720413s1959 nyua b 000 0 eng
040 ## - CATALOGING SOURCE
Original cataloging agency DLC
Transcribing agency DLC
Modifying agency BD-DhUET
082 ## - DEWEY DECIMAL CLASSIFICATION NUMBER
Classification number 660.2994
Item number WAL/1959
100 1# - MAIN ENTRY--PERSONAL NAME
Personal name Walas, Stanley M.
245 10 - TITLE STATEMENT
Title Reaction kinetics for chemical engineers
250 ## - EDITION STATEMENT
Edition statement 1st ed.
260 ## - PUBLICATION, DISTRIBUTION, ETC. (IMPRINT)
Place of publication, distribution, etc. New York
Name of publisher, distributor, etc. McGraw-Hill
Date of publication, distribution, etc. 1959
300 ## - PHYSICAL DESCRIPTION
Extent 338 p.
Other physical details ill.
490 ## - SERIES STATEMENT
Series statement McGraw - Hill chemical engineering series
504 ## - BIBLIOGRAPHY, ETC. NOTE
Bibliography, etc Includes bibliographies
650 #0 - SUBJECT ADDED ENTRY--TOPICAL TERM
Topical term or geographic name as entry element Kinetics : Reactions : Chemical Engineering
942 ## - ADDED ENTRY ELEMENTS (KOHA)
Koha item type General Book
Holdings
Copy number Piece designation (barcode) Price effective from Withdrawn status Koha full call number Location (home branch) Shelving location Not for loan Koha date last seen Koha item type Date acquired Damaged status Sublocation or collection (holding branch) Source of classification or shelving scheme Koha normalized classification for sorting Lost status
1260732015-02-26 660.2994/WAL/1959Central Library, BUETCirculation section 2015-02-26General Book2015-02-26 Central Library, BUET 660_299400000000000_WAL_1959 
2298822015-03-01 660.2994/WAL/1959Central Library, BUETCirculation section 2015-03-01General Book2015-03-01 Central Library, BUET 660_299400000000000_WAL_1959 
3298782015-03-31 660.2994/WAL/1959Central Library, BUETCirculation section 2015-03-31General Book2015-03-31 Central Library, BUET 660_299400000000000_WAL_1959 
4298752015-03-31 660.2994/WAL/1959Central Library, BUETCirculation section 2015-03-31General Book2015-03-31 Central Library, BUET 660_299400000000000_WAL_1959 
5258932015-03-31 660.2994/WAL/1959Central Library, BUETCirculation section 2015-03-31General Book2015-03-31 Central Library, BUET 660_299400000000000_WAL_1959 
621142015-04-04 660.2994/WAL/1959Central Library, BUETCirculation section 2015-04-04General Book2015-04-04 Central Library, BUET 660_299400000000000_WAL_1959 
7298742015-04-07 660.2994/WAL/1959Central Library, BUETCirculation section 2015-04-07General Book2015-04-07 Central Library, BUET 660_299400000000000_WAL_1959 
8298812015-06-18 660.2994/WAL/1959Central Library, BUETReading section 2015-06-18Reading Item2015-06-18 Central Library, BUET 660_299400000000000_WAL_1959 
9298792015-06-18 660.2994/WAL/1959Central Library, BUETReading section 2015-06-18Reading Item2015-06-18 Central Library, BUET 660_299400000000000_WAL_1959 
1078992015-06-18 660.2994/WAL/1959Central Library, BUETReading section 2015-06-18Reading Item2015-06-18 Central Library, BUET 660_299400000000000_WAL_1959 
1179002015-06-18 660.2994/WAL/1959Central Library, BUETReading section 2015-06-18Reading Item2015-06-18 Central Library, BUET 660_299400000000000_WAL_1959 
12298802015-06-28 660.2994/WAL/1959Central Library, BUETReading section 2015-06-28Reading Item2015-06-28 Central Library, BUET 660_299400000000000_WAL_1959 
13298762015-06-28 660.2994/WAL/1959Central Library, BUETReading section 2015-06-28Reading Item2015-06-28 Central Library, BUET 660_299400000000000_WAL_1959